| 000 | 00448cam a2200169ua 4500 | ||
|---|---|---|---|
| 020 | _c1.00 | ||
| 041 |
_aeng _h |
||
| 082 |
_a923.2 G _bMOH/GO |
||
| 100 | _aMohandas Karamchand , Gandhi . | ||
| 245 |
_aGokhale: My Political Guru / _cMohamdas Karamchand Gandhi. _hTextual Documents |
||
| 260 |
_aAhmadabad : _bNavajivan publishing house , _c1955. |
||
| 300 | _a67 ; . | ||
| 365 | _a1.00 | ||
| 504 | _a | ||
| 942 | _cBK | ||
| 999 |
_c732 _d732 |
||